| 000 | 00456nam a2200181 a 4500 | ||
|---|---|---|---|
| 001 | 6916 | ||
| 003 | CO-ViMGA | ||
| 008 | 141112s2004 ck r 000 u spa d | ||
| 040 |
_aCO-ViMGA _bspa _cCO-ViMGA |
||
| 082 | _a636.39 C117 | ||
| 245 | 1 | 0 | _aCabras |
| 250 | _a2a | ||
| 260 |
_aMexico : _bTrillas, _c1994 |
||
| 300 | _a108 p : il | ||
| 490 | _aManuales para educación agropecuaria. Producción animal, 4 | ||
| 650 | 1 | 4 |
_aCABRAS _95211 |
| 942 |
_2ddc _cBK |
||
| 999 |
_c10691 _d10691 |
||